| Tag |
First Indicator |
Second Indicator |
Subfields |
| LEADER |
00000cam a2200000Ia 4500 |
| 001 |
in00002551663 |
| 005 |
20151201154411.0 |
| 007 |
he amv---bacp |
| 007 |
hz bhv---babp |
| 008 |
030117s1854 enkaf b 000 0 eng d |
| 035 |
|
|
|a (OCoLC)ocm51463140
|
| 037 |
|
|
|a CL0021000030
|b ProQuest Information and Learning, 300 N. Zeeb Rd., Ann Arbor, MI 48106-1346
|
| 040 |
|
|
|a OPP
|c OPP
|d UtOrBLW
|
| 043 |
|
|
|a e-uk-en
|
| 049 |
|
|
|a OPPA
|
| 090 |
|
|
|a PZ5
|b .O67 1990 no.030:289.
|
| 100 |
1 |
|
|a Sheppard, Elizabeth Sara,
|d 1830-1862.
|
| 245 |
1 |
4 |
|a The day of a baby-boy :
|b a tale for a little child /
|c by E. Berger [pseudonym] ; the illustrations from drawings by John Absolon.
|
| 264 |
|
1 |
|a London :
|b Grant and Griffith,
|c 1854
|
| 264 |
|
3 |
|a London :
|b Printed by Levey, Robson, and Franklyn
|
| 300 |
|
|
|a 90, 8 pages, 3 unnumbered leaves of plates :
|b illustrations
|
| 336 |
|
|
|a text
|b txt
|2 rdacontent
|
| 337 |
|
|
|a microform
|b h
|2 rdamedia
|
| 338 |
|
|
|a microfiche
|b he
|2 rdacarrier
|
| 500 |
|
|
|a Publisher's catalogue follows text.
|
| 500 |
|
|
|a Reproduction of original in the Bodleian Library.
|
| 510 |
4 |
|
|a Opie
|c AA 696
|
| 533 |
|
|
|a Microfiche.
|b Ann Arbor, Mich. :
|c UMI,
|d 1999.
|e 2 microfiche ; 11 x 15 cm.
|f (Opie collection of children's literature ; 030:289).
|7 s1999 miun b
|
| 500 |
|
|
|a Microform.
|
| 650 |
|
0 |
|a Child care
|v Juvenile fiction.
|
| 650 |
|
0 |
|a Nannies
|v Juvenile fiction.
|
| 651 |
|
0 |
|a London (England)
|x Social life and customs
|v Juvenile fiction.
|
| 700 |
1 |
|
|a Absolon, John,
|d 1815-1895.
|
| 830 |
|
0 |
|a Opie collection of children's literature ;
|v 030:289.
|
| 994 |
|
|
|a 02
|b OPP
|
| 999 |
|
|
|a MARS
|
| 999 |
f |
f |
|s 5522e8d9-094a-3b46-820c-aaf6e91b37ff
|i 693160f7-8ebf-33e9-98b5-d8577e7f8a60
|t 0
|
| 952 |
f |
f |
|a Texas A&M University
|b College Station
|c Sterling C. Evans Library
|d Evans: Microforms Fiche (3rd floor)
|t 0
|e PZ5 .O67 1990 no.030:289.
|h Library of Congress classification
|
| 998 |
f |
f |
|a PZ5 .O67 1990 no.030:289.
|t 0
|l Evans: Microforms Fiche (3rd floor)
|